000 00650nam a2200205 i 4500
001 141697
003 ES-MaACL
005 20230906200340.0
007 t|
008 070926s1977 sp ||||1| spa d
100 1 _aVranicki, Predrag.
_9115759
245 1 0 _aHistoria del marxismo /
_cPredrag Vranicki ; [tradujeron: Loly Morán, Alejandro Sierra y Juan Antonio P. Millán].
260 _aSalamanca :
_bSígueme,
_c1977.
300 _a1 v. ;
_c23 cm.
500 _aEs el vol. 1º.
700 1 _aMorán, Loly.
_983107
700 1 _aSierra, Alejandro.
_9106240
700 1 _aMillán, J. Antonio P.
_981128
852 _aES-MaACL
_jG-8083
_bR.96198
999 _c141697
_d141697